|
|
|
|
| LEADER |
00920nab a2200229 i 4500 |
| 001 |
publ33313 |
| 005 |
20250528091545.0 |
| 008 |
250528s1983 hu o 000 ger d |
| 022 |
|
|
|a 0301-0481; 1439-0353
|
| 024 |
7 |
|
|a 1760763
|2 mtmt
|
| 040 |
|
|
|a SZTE Publicatio Repozitórium
|b hun
|
| 041 |
|
|
|a ger
|
| 100 |
1 |
|
|a Simon N.
|
| 245 |
1 |
0 |
|a Über die Syndrome Vorzeitiger Alterung mit Besonderer Berücksichtigung der Lipodystrophie (in Verbindung mit einem Fall) [Early aging-syndromes (progeroid syndromes) with special regard to the Lipodystrophia totalis (connected with one case)]
|h [elektronikus dokumentum] /
|c Simon N.
|
| 260 |
|
|
|c 1983
|
| 300 |
|
|
|a 7
|
| 300 |
|
|
|a 1067-1075
|
| 490 |
0 |
|
|a ZEITSCHRIFT FÜR HAUTKRANKHEITEN
|v 58 No. 14
|
| 650 |
|
4 |
|a Klinikai orvostan
|
| 700 |
0 |
1 |
|a László Aranka
|e aut
|
| 700 |
0 |
1 |
|a Kiss P.
|e aut
|
| 856 |
4 |
0 |
|u http://publicatio.bibl.u-szeged.hu/33313/1/aok_klny_740_83.pdf
|z Dokumentum-elérés
|